[Event "PRO League Group Stage"]
[Site "chess.com INT"]
[Date "2018.01.31"]
[Round "3"]
[White "Tang, Andrew"]
[Black "Shabalov, Alexander"]
[Result "1-0"]
[WhiteTitle "IM"]
[BlackTitle "GM"]
[WhiteElo "2513"]
[BlackElo "2544"]
[WhiteTeam "Minnesota Blizzard"]
[BlackTeam "Pittsburgh Pawngrabbers"]
[WhiteFideId "2059630"]
[BlackFideId "2008572"]
[EventDate "2018.01.18"]

1. d4 Nf6 2. c4 Nc6 3. Nf3 d6 4. Nc3 g6 5. b4 Bg7 6. b5 Na5 7. e3 O-O 8. Bb2 c6
9. a4 b6 10. Rc1 Bb7 11. Be2 Rc8 12. O-O cxb5 13. cxb5 Qd7 14. Nd2 Nd5 15. Bf3
Nb4 16. Qe2 e5 17. Bxb7 Qxb7 18. dxe5 Bxe5 19. h3 Rc7 20. Nd1 Rxc1 21. Bxc1 Rc8
22. Ba3 Nc2 23. Bb2 Qd5 24. e4 Qc5 25. Nf3 Nb3 26. Nxe5 dxe5 27. Qd3 Nbd4 28.
Ne3 Nxe3 29. fxe3 Ne6 30. Rc1 Qxc1+ 31. Bxc1 Rxc1+ 32. Kh2 Kg7 33. h4 h5 34. Qd6
Rc5 35. Qb8 Rc7 36. Kg3 Kf6 37. Qh8+ Ng7 38. Kf3 Re7 39. Ke2 Rd7 40. g3 Rd6 41.
Qa8 Rd7 42. Qc8 Ke7 43. a5 bxa5 44. Qc5+ Ke6 45. Qc4+ Ke7 46. Qc3 Kf6 47. Qxa5
Ne6 48. Qa6 Ke7 49. Qa3+ Ke8 50. Qc3 f6 51. Qc8+ Ke7 52. Qg8 g5 53. Qh7+ Kd6 54.
Qxh5 gxh4 55. gxh4 Rg7 56. Qe8 Rd7 57. h5 Ng5 58. h6 Rc7 59. Qd8+ Rd7 60. Qxf6+
Ne6 61. Qg6 1-0

[Event "PRO League Group Stage"]
[Site "chess.com INT"]
[Date "2018.01.31"]
[Round "3"]
[White "Petrosyan, Manuel"]
[Black "Aradhya, Garg"]
[Result "0-1"]
[WhiteTitle "GM"]
[WhiteElo "2570"]
[BlackElo "2289"]
[WhiteTeam "Armenia Eagles"]
[BlackTeam "Delhi Dynamite"]
[WhiteFideId "13300857"]
[BlackFideId "25006746"]
[EventDate "2018.01.18"]

1. d4 d5 2. Nf3 Nf6 3. c4 c6 4. e3 Bf5 5. Nc3 e6 6. Qb3 Qb6 7. c5 Qc7 8. Nh4 b6
9. Nxf5 exf5 10. cxb6 axb6 11. Bd2 Nbd7 12. Rc1 Qb7 13. Bd3 g6 14. O-O Bd6 15.
Na4 Ne4 16. Bb4 Qc7 17. g3 O-O 18. Bxe4 fxe4 19. Nxb6 Nxb6 20. Bxd6 Qxd6 21.
Qxb6 Rfc8 22. a3 h5 23. h4 Rab8 24. Qa6 g5 25. hxg5 h4 26. gxh4 Qe6 27. Qe2 Rxb2
28. Qh5 Kg7 29. Qh6+ Qxh6 30. gxh6+ Kxh6 31. Rfe1 Kh5 32. Kf1 Kg4 33. Rb1 Ra2
34. Ra1 Rb2 35. Reb1 Rc2 36. Rb7 Rf8 37. Kg2 Kf5 38. a4 Rg8+ 39. Kf1 Kg4 40.
Rxf7 Kh3 41. a5 Kh2 0-1

[Event "PRO League Group Stage"]
[Site "chess.com INT"]
[Date "2018.01.31"]
[Round "3"]
[White "Petrosyan, Manuel"]
[Black "Vaibhav, Suri"]
[Result "0-1"]
[WhiteTitle "GM"]
[BlackTitle "GM"]
[WhiteElo "2570"]
[BlackElo "2542"]
[WhiteTeam "Armenia Eagles"]
[BlackTeam "Delhi Dynamite"]
[WhiteFideId "13300857"]
[BlackFideId "5045185"]
[EventDate "2018.01.18"]

1. d4 d5 2. c4 e6 3. Nc3 a6 4. cxd5 exd5 5. Nf3 c6 6. e4 dxe4 7. Ng5 Be7 8.
Ngxe4 Nf6 9. Bc4 O-O 10. O-O Nxe4 11. Nxe4 Nd7 12. Bb3 Nb6 13. Nc5 Nd7 14. Nxd7
Bxd7 15. d5 Bf6 16. Qf3 Re8 17. Be3 Qc8 18. h3 c5 19. Rac1 b6 20. d6 Bc6 21. Bd5
Bxd5 22. Qxd5 Qe6 23. Rfd1 a5 24. a4 Qd7 25. b3 Rad8 26. Bf4 Re6 27. Re1 Rde8
28. Rxe6 Rxe6 29. Bg3 h6 30. Qa8+ Re8 31. Qa6 Bd8 32. Rd1 h5 33. Qc4 Re6 34. h4
g6 35. Qd5 Kh7 36. Rd3 Bf6 37. Rf3 Kg7 38. Re3 Rxe3 39. fxe3 Qe6 40. Qd3 Qg4 41.
Kh2 Bxh4 42. Be5+ f6 43. Bf4 g5 44. d7 gxf4 45. d8=Q Qg3+ 46. Kg1 Qe1+ 47. Qf1
Bf2+ 48. Kh2 Qxf1 49. Qe7+ Kg6 50. Qe8+ Kf5 51. Qxh5+ Ke4 52. Qf3+ Kd3 53. exf4+
Kc2 54. Qe4+ Kb2 55. Qe6 Bd4 56. Kg3 Qf2+ 57. Kh3 Qxf4 58. Qe2+ Ka3 59. Qb5 Be5
60. Qd3 f5 61. b4+ Kxb4 62. Qb1+ Kxa4 63. Qd1+ Kb5 64. Qb3+ Kc6 65. Qe6+ Kb5 66.
Qb3+ Ka6 67. Qd3+ c4 68. Qc3 Qg4# 0-1

[Event "PRO League Group Stage"]
[Site "chess.com INT"]
[Date "2018.01.31"]
[Round "3"]
[White "Liang, Awonder"]
[Black "Nagle, Sean"]
[Result "1-0"]
[WhiteTitle "GM"]
[BlackTitle "IM"]
[WhiteElo "2572"]
[BlackElo "2432"]
[WhiteTeam "Pittsburgh Pawngrabbers"]
[BlackTeam "Minnesota Blizzard"]
[WhiteFideId "2056437"]
[BlackFideId "2013878"]
[EventDate "2018.01.18"]

1. e4 g6 2. d4 Bg7 3. Nc3 d6 4. Be3 a6 5. h4 h6 6. Qd2 Nd7 7. O-O-O b5 8. a3 Bb7
9. h5 g5 10. f4 gxf4 11. Bxf4 c5 12. Nf3 b4 13. axb4 cxb4 14. Nd5 Bxd5 15. exd5
Qa5 16. Kb1 Ngf6 17. Bc4 Nb6 18. Bb3 Nfxd5 19. Rde1 Kd7 20. Rhf1 Qb5 21. Nh4 Bf6
22. Nf5 a5 23. Bxd6 exd6 24. Nxd6 Kxd6 25. Rxf6+ Nxf6 26. Qf4+ Kc6 27. Qxf6+ Kb7
28. Re5 Qc6 29. Qxf7+ Kb8 30. Re6 Qc7 31. Re7 Qd6 32. Rb7+ Kc8 33. Be6+ Kd8 34.
Qf6+ Ke8 35. Bf7+ Kf8 36. Qxh8# 1-0

[Event "PRO League Group Stage"]
[Site "chess.com INT"]
[Date "2018.01.31"]
[Round "3"]
[White "Liang, Awonder"]
[Black "Tang, Andrew"]
[Result "1-0"]
[WhiteTitle "GM"]
[BlackTitle "IM"]
[WhiteElo "2572"]
[BlackElo "2513"]
[WhiteTeam "Pittsburgh Pawngrabbers"]
[BlackTeam "Minnesota Blizzard"]
[WhiteFideId "2056437"]
[BlackFideId "2059630"]
[EventDate "2018.01.18"]

1. e4 e5 2. Nf3 Nc6 3. Bb5 a6 4. Ba4 Nf6 5. O-O Be7 6. Re1 b5 7. Bb3 d6 8. c3
O-O 9. h3 Bb7 10. d4 Re8 11. Nbd2 Bf8 12. a3 g6 13. Ba2 Bg7 14. b4 exd4 15. cxd4
a5 16. Qb3 Qd7 17. Bb2 axb4 18. axb4 Ra4 19. Bc3 Nh5 20. Bb1 Rxa1 21. Bxa1 Nf4
22. Nf1 Bc8 23. Ng3 Qe7 24. Bc3 h5 25. Bd2 Ne6 26. Nf5 gxf5 27. exf5 Ncxd4 28.
Nxd4 Nxd4 29. Rxe7 Rxe7 30. Qd5 Re5 31. Qa8 Re8 32. Be3 Bd7 33. Qa7 Bxf5 34. Ba2
Ne2+ 35. Kh1 Nc3 36. Bb3 Bg6 37. Qxc7 d5 38. Qd7 Re4 39. Bc2 Rxe3 40. Qd8+ Bf8
41. fxe3 Bxc2 42. Qc8 Bb3 43. Qxc3 Bc4 44. Qe1 Bd6 45. Kg1 Kg7 46. Kf2 Kg6 47.
Kf3 Kg7 48. Qh4 Kg6 49. g4 hxg4+ 50. Qxg4+ Kf6 51. h4 Bxb4 52. Qg5+ Ke6 53. h5
Be7 54. Qg4+ Kd6 55. h6 Bd3 56. Qg7 Ke6 57. h7 Be4+ 58. Ke2 Bf6 1-0

[Event "PRO League Group Stage"]
[Site "chess.com INT"]
[Date "2018.01.31"]
[Round "3"]
[White "Lagarde, Maxime"]
[Black "Ansell, Simon T"]
[Result "1-0"]
[WhiteTitle "GM"]
[BlackTitle "IM"]
[WhiteElo "2586"]
[BlackElo "2340"]
[WhiteTeam "Cannes Blockbusters"]
[BlackTeam "London Towers"]
[WhiteFideId "662399"]
[BlackFideId "402141"]
[EventDate "2018.01.18"]

1. g4 e5 2. Bg2 h5 3. gxh5 Qh4 4. Nc3 Nf6 5. d4 e4 6. Qd2 d5 7. Qg5 Qxh5 8. Qxh5
Rxh5 9. Bf4 c6 10. f3 Bb4 11. e3 exf3 12. Bxf3 Bg4 13. Bxg4 Nxg4 14. Ke2 Nd7 15.
Nf3 g6 16. Rag1 Ngf6 17. Nd1 Ne4 18. Nf2 Nxf2 19. Kxf2 Nf6 20. Ng5 Kf8 21. Kf3
Re8 22. c3 Be7 23. h4 Nd7 24. Re1 Kg7 25. e4 Bxg5 26. Bxg5 Rxe4 27. Rxe4 dxe4+
28. Kxe4 Rh8 29. c4 f5+ 30. Kd3 Re8 31. b4 Re4 32. a4 Nf8 33. d5 cxd5 34. cxd5
Nd7 35. d6 Kf7 36. Kc3 Ke6 37. Be7 Ne5 38. h5 gxh5 39. Rxh5 Rc4+ 40. Kb3 Rg4 41.
Rh6+ Rg6 42. Rh7 Rg3+ 43. Kc2 f4 44. Bf8 f3 45. Re7+ Kf6 46. Rxe5 Kxe5 47. d7
Rg2+ 48. Kc3 f2 49. d8=Q f1=Q 50. Qe7+ Kd5 51. Qd7+ Ke4 52. Qxb7+ Ke5 53. Qe7+
Kd5 54. Qd7+ Ke5 55. Bg7+ Ke4 56. Qc6+ Ke3 57. Bd4+ Ke2 58. Qe4+ Kd1 59. Qb1+
Ke2 60. Qe4+ Kd1 61. Qb1+ Ke2 62. Qxf1+ Kxf1 63. Bxa7 Ra2 64. Kb3 Ra1 65. b5 Ke2
66. Kb4 Kd3 67. a5 Ke4 68. Bf2 Kd5 69. a6 Ra2 70. Be3 Kd6 71. Bf4+ Kd7 72. Kc5
Kc8 73. Kb6 Rf2 74. a7 Ra2 75. Bd2 Ra1 76. Ba5 1-0

[Event "PRO League Group Stage"]
[Site "chess.com INT"]
[Date "2018.01.31"]
[Round "3"]
[White "Lagarde, Maxime"]
[Black "Roberson, Peter T"]
[Result "1-0"]
[WhiteTitle "GM"]
[BlackTitle "IM"]
[WhiteElo "2586"]
[BlackElo "2412"]
[WhiteTeam "Cannes Blockbusters"]
[BlackTeam "London Towers"]
[WhiteFideId "662399"]
[BlackFideId "412384"]
[EventDate "2018.01.18"]

1. b3 Nf6 2. Bb2 g6 3. Bxf6 exf6 4. c4 d5 5. cxd5 Qxd5 6. Nc3 Qd8 7. g3 c6 8.
Bg2 Ba3 9. Rb1 Na6 10. Nf3 O-O 11. O-O Qe7 12. d3 Bd7 13. Qd2 Nc7 14. Qh6 Rfe8
15. Ne4 Nd5 16. b4 f5 17. Nc5 Bxb4 18. Ng5 f6 19. Bxd5+ cxd5 20. Qxh7+ Qxh7 21.
Nxh7 Bxc5 22. Nxf6+ Kf7 23. Nxd7 Bb6 24. e3 Re6 25. Rb5 Rd6 26. Ne5+ Kf6 27. d4
Rc8 28. a4 Rb8 29. Rfb1 g5 30. a5 Bd8 31. Rxb7 Rxb7 32. Rxb7 Ra6 33. Rd7 Bxa5
34. Rxd5 Bc3 35. h4 gxh4 36. gxh4 Ra1+ 37. Kg2 a5 38. Rd6+ Kg7 39. h5 a4 40. h6+
Kh7 41. Nf3 Bb4 42. Ng5+ Kg8 43. Rd8+ 1-0

[Event "PRO League Group Stage"]
[Site "chess.com INT"]
[Date "2018.01.31"]
[Round "3"]
[White "Pruijssers, Roeland"]
[Black "Carlsen, Magnus"]
[Result "0-1"]
[WhiteTitle "GM"]
[BlackTitle "GM"]
[WhiteElo "2536"]
[BlackElo "2834"]
[WhiteTeam "Oslo Trolls"]
[BlackTeam "Norway Gnomes"]
[WhiteFideId "1013068"]
[BlackFideId "1503014"]
[EventDate "2018.01.18"]

1. e4 e5 2. Nf3 Nc6 3. Bc4 Be7 4. d4 d6 5. Nc3 Bg4 6. h3 Bxf3 7. Qxf3 Nf6 8. d5
Nd4 9. Qd1 c6 10. dxc6 bxc6 11. O-O O-O 12. f4 Ne6 13. Bxe6 fxe6 14. fxe5 Qb6+
15. Kh2 dxe5 16. Qe2 Rad8 17. b3 Qd4 18. Bb2 Qd2 19. Rad1 Qxe2 20. Nxe2 Nxe4 21.
Rxf8+ Rxf8 22. Bxe5 Rf2 23. Nd4 Bf6 24. Bxf6 gxf6 25. Nxe6 Rxc2 26. Rd8+ Kf7 27.
Nd4 Rxa2 28. Nxc6 a6 29. Rd7+ Kg6 30. Ne7+ Kg5 31. Nd5 h5 32. Re7 Nd2 33. Rg7+
Kf5 34. Ne3+ Ke6 35. Kg3 Nxb3 36. Kh4 Ra5 37. Ra7 Nd4 38. Nc4 Ra4 39. Nb6 Nf5+
40. Kxh5 Rh4+ 41. Kg6 Rh6# 0-1

[Event "PRO League Group Stage"]
[Site "chess.com INT"]
[Date "2018.01.31"]
[Round "3"]
[White "Pruijssers, Roeland"]
[Black "Abdrlauf, Elham"]
[Result "1-0"]
[WhiteTitle "GM"]
[WhiteElo "2536"]
[BlackElo "2073"]
[WhiteTeam "Oslo Trolls"]
[BlackTeam "Norway Gnomes"]
[WhiteFideId "1013068"]
[BlackFideId "1533533"]
[EventDate "2018.01.18"]

1. e4 c6 2. Nc3 d5 3. Nf3 dxe4 4. Nxe4 Nf6 5. Qe2 Nxe4 6. Qxe4 Nd7 7. Bc4 Nf6 8.
Qe2 Bf5 9. d3 e6 10. Bd2 Be7 11. Ne5 Qc7 12. g4 Bg6 13. h4 Bd6 14. f4 Bxe5 15.
fxe5 Nxg4 16. Qxg4 Qxe5+ 17. Kf2 O-O-O 18. Qf4 Qxb2 19. Rab1 Qf6 20. Qxf6 gxf6
21. h5 Bf5 22. Bc3 e5 23. Bxf7 Rhf8 24. Bb3 e4 25. dxe4 Bxe4 26. Rhe1 Bf5 27.
Re7 Rd7 28. Rbe1 Kc7 29. Kg3 Kd6 30. Bb4+ c5 31. Rxd7+ Bxd7 32. Rd1+ Kc6 33.
Bxc5 1-0

[Event "PRO League Group Stage"]
[Site "chess.com INT"]
[Date "2018.01.31"]
[Round "3"]
[White "Chu, Ruotong"]
[Black "Stukopin, Andrey"]
[Result "0-1"]
[BlackTitle "GM"]
[WhiteElo "2267"]
[BlackElo "2590"]
[WhiteTeam "Chengdu Pandas"]
[BlackTeam "Rio Grande Ospreys"]
[WhiteFideId "8605653"]
[BlackFideId "24107131"]
[EventDate "2018.01.18"]

1. d4 c5 2. d5 d6 3. c4 g6 4. Nc3 Bg7 5. Nf3 e6 6. g3 Ne7 7. Bg2 exd5 8. cxd5
O-O 9. O-O h6 10. e4 Bg4 11. h3 Bxf3 12. Bxf3 Nd7 13. Bg2 f5 14. Re1 Kh7 15. h4
Nf6 16. Bf4 Nh5 17. Bd2 fxe4 18. Bxe4 Kh8 19. Bf3 Nf6 20. Bf4 Nf5 21. Qd2 Nd4
22. Bg2 Kh7 23. Ne2 Ng4 24. Nxd4 Bxd4 25. Rf1 Qf6 26. Rae1 Rae8 27. Rxe8 Rxe8
28. b3 b5 29. Bh3 Ne5 30. Bxe5 Qxe5 31. Qd3 Qe2 32. Qxe2 Rxe2 33. a4 c4 34. bxc4
bxa4 35. Bg4 Rb2 0-1

[Event "PRO League Group Stage"]
[Site "chess.com INT"]
[Date "2018.01.31"]
[Round "3"]
[White "Chu, Ruotong"]
[Black "Hevia Alejano, Carlos Antonio"]
[Result "0-1"]
[BlackTitle "GM"]
[WhiteElo "2267"]
[BlackElo "2488"]
[WhiteTeam "Chengdu Pandas"]
[BlackTeam "Rio Grande Ospreys"]
[WhiteFideId "8605653"]
[BlackFideId "3508811"]
[EventDate "2018.01.18"]

1. d4 Nf6 2. c4 e6 3. g3 d5 4. Bg2 Bb4+ 5. Nd2 O-O 6. Nf3 dxc4 7. Qc2 Nc6 8.
Qxc4 Bd6 9. O-O e5 10. dxe5 Nxe5 11. Qc2 Nxf3+ 12. exf3 c6 13. Rd1 Qe7 14. Nc4
Bc7 15. b3 Rd8 16. Ba3 Rxd1+ 17. Rxd1 Qe8 18. Nd6 Bxd6 19. Bxd6 Be6 20. Bc5 b6
21. Bd4 Rd8 22. Bxf6 Rxd1+ 23. Qxd1 gxf6 24. f4 c5 25. h4 Kg7 26. Qh5 Bd7 27.
Bd5 Bc6 28. Qg4+ Kf8 29. Qf5 Bxd5 30. Qxd5 Kg7 31. Qb7 Qe1+ 32. Kg2 Qa5 33. a4
Qc3 34. Qd5 Qc1 35. Qf3 Qd2 36. Qg4+ Kf8 37. Qc8+ Kg7 38. Qg4+ Kf8 39. Qc8+ Ke7
40. Qb7+ Qd7 41. Qe4+ Qe6 42. Qxh7 Qxb3 43. Qe4+ Qe6 44. Qb7+ Qd7 45. Qe4+ Kf8
46. h5 Kg7 47. Qf3 c4 48. g4 c3 49. Qxc3 Qxg4+ 50. Kf1 Qd1+ 51. Kg2 Qxh5 52. Qc4
Qg4+ 53. Kf1 Qf3 54. Qa6 Qh1+ 55. Ke2 Qe4+ 56. Kf1 Qe7 57. f5 Kh6 58. Qc4 Kg5
59. Qd5 Qc7 60. Kg2 a5 61. Qb3 Kxf5 62. Qd5+ Kg6 63. Qe4+ f5 64. Qd5 Qe7 65. Qb5
Qe4+ 66. Kf1 Qe6 67. Kg2 Kg5 68. Kg3 Qd6+ 69. Kg2 Qb4 70. Qd7 Qe4+ 0-1

[Event "PRO League Group Stage"]
[Site "chess.com INT"]
[Date "2018.01.31"]
[Round "3"]
[White "Grover, Sahaj"]
[Black "Petrosyan, Manuel"]
[Result "1-0"]
[WhiteTitle "GM"]
[BlackTitle "GM"]
[WhiteElo "2484"]
[BlackElo "2570"]
[WhiteTeam "Delhi Dynamite"]
[BlackTeam "Armenia Eagles"]
[WhiteFideId "5021103"]
[BlackFideId "13300857"]
[EventDate "2018.01.18"]

1. e4 e5 2. Nf3 Nc6 3. Bb5 Nf6 4. d3 Bc5 5. Bxc6 dxc6 6. Nbd2 O-O 7. Nb3 Bd6 8.
h3 c5 9. Be3 b6 10. Nbd2 Nd7 11. Nc4 Re8 12. O-O Nf8 13. Nfd2 Ne6 14. Nxd6 cxd6
15. f4 exf4 16. Bxf4 d5 17. Qh5 Nxf4 18. Rxf4 Be6 19. Raf1 h6 20. b3 Qg5 21. Qf3
Rad8 22. a4 Qe5 23. Qf2 Qc3 24. exd5 Bxd5 25. Ne4 Qb2 26. Rg4 Kh8 27. Ng3 Be6
28. Re4 Bd5 29. Rg4 Be6 30. Re4 Bd5 31. Rh4 Rd6 32. Nh5 Qe5 33. c4 Bc6 34. Qxf7
Rxd3 35. Nf4 Qe3+ 36. Kh1 Rd6 37. Rg4 Rg8 38. Ng6+ Kh7 39. Qxg8+ 1-0

[Event "PRO League Group Stage"]
[Site "chess.com INT"]
[Date "2018.01.31"]
[Round "3"]
[White "Grover, Sahaj"]
[Black "Andriasian, Zaven"]
[Result "1-0"]
[WhiteTitle "GM"]
[BlackTitle "GM"]
[WhiteElo "2484"]
[BlackElo "2585"]
[WhiteTeam "Delhi Dynamite"]
[BlackTeam "Armenia Eagles"]
[WhiteFideId "5021103"]
[BlackFideId "13302000"]
[EventDate "2018.01.18"]

1. d4 d5 2. c4 c6 3. Nc3 Nf6 4. cxd5 cxd5 5. Bf4 Nc6 6. e3 Bf5 7. Qb3 Na5 8.
Qa4+ Bd7 9. Qc2 e6 10. Bd3 Rc8 11. Nf3 Nc6 12. a3 Nh5 13. Be5 h6 14. Qe2 Be7 15.
h3 Nxe5 16. Nxe5 Nf6 17. f4 O-O 18. g4 Ne4 19. Nxe4 dxe4 20. Bxe4 Bh4+ 21. Kf1
Ba4 22. Kg2 Bf6 23. Rac1 Qb6 24. Nf3 Be7 25. h4 Bb5 26. Qd2 g6 27. Rxc8 Rxc8 28.
Rc1 Rd8 29. g5 h5 30. Qc2 Be8 31. Ne5 Kg7 32. Kg3 Kf8 33. Qc3 Qb5 34. Rc2 Qf1
35. Nf3 Kg8 36. Bd3 Qd1 37. Be2 Qb1 38. Bd3 Qd1 39. Be4 b5 40. Qc7 Kf8 41. Qxa7
b4 42. axb4 Bxb4 43. Qb6 Be7 44. Qc7 Rd6 45. Qc3 Kg8 46. b3 Qb1 47. Bd3 Rc6 48.
Bc4 Ba3 49. Re2 Qe4 50. b4 Qb1 51. b5 Rc8 52. Qxa3 Rxc4 53. Rb2 Qd1 54. Qb3 Qf1
55. Rb1 Qe2 56. Rb2 Qf1 57. Rb1 Qe2 58. Re1 Qc2 59. Qxc2 Rxc2 60. Rb1 Rc3 61. b6
Rc8 62. Ne5 Kf8 63. Kf2 Ke7 64. Ke2 Kd6 65. Kd3 Rb8 66. Nc4+ Ke7 67. Ne5 Kd6 68.
Rc1 Bb5+ 69. Ke4 Be8 70. Ra1 Rb7 71. Ra7 Rb8 72. Nxf7+ Bxf7 73. Rxf7 Rxb6 74.
Rg7 Rb1 75. Rxg6 Rh1 76. d5 Rxh4 77. Rxe6+ Kd7 78. Rh6 Rh1 79. Ke5 h4 80. e4 h3
81. g6 h2 82. f5 Kc7 83. g7 Rg1 84. Rxh2 Rxg7 85. f6 Rg5+ 86. Ke6 Rg4 87. e5 Kd8
88. d6 Rg8 89. Ra2 1-0

[Event "PRO League Group Stage"]
[Site "chess.com INT"]
[Date "2018.01.31"]
[Round "3"]
[White "Mareco, Sandro"]
[Black "Boros, Denes"]
[Result "1-0"]
[WhiteTitle "GM"]
[BlackTitle "GM"]
[WhiteElo "2632"]
[BlackElo "2457"]
[WhiteTeam "Buenos Aires Krakens"]
[BlackTeam "Webster Windmills"]
[WhiteFideId "112275"]
[BlackFideId "722340"]
[EventDate "2018.01.18"]

1. Nf3 Nf6 2. c4 b6 3. g3 Bb7 4. Bg2 c5 5. O-O e6 6. Nc3 Be7 7. b3 O-O 8. Bb2 d6
9. d4 cxd4 10. Nxd4 Bxg2 11. Kxg2 Qc7 12. e3 Nbd7 13. f4 a6 14. Qf3 Nc5 15. Rad1
Rfe8 16. g4 Qb7 17. Qxb7 Nxb7 18. g5 Nd7 19. h4 Rac8 20. Rd2 Nb8 21. Rfd1 Nc6
22. Nce2 Nc5 23. Kf3 Na7 24. Nc3 Bf8 25. Ba3 d5 26. cxd5 Nxb3 27. Nxb3 Bxa3 28.
Ne4 exd5 29. Rxd5 Nb5 30. R1d3 Rc2 31. h5 Kf8 32. h6 Bb2 33. Rd7 Rh2 34. a4 Na3
35. Nd6 Rh3+ 36. Kg4 Rhxe3 37. Rxe3 Rxe3 38. Rxf7+ Kg8 39. Rb7 gxh6 40. Rb8+ 1-0

[Event "PRO League Group Stage"]
[Site "chess.com INT"]
[Date "2018.01.31"]
[Round "3"]
[White "Mareco, Sandro"]
[Black "Ashwin, Jayaram"]
[Result "1-0"]
[WhiteTitle "GM"]
[BlackTitle "GM"]
[WhiteElo "2632"]
[BlackElo "2486"]
[WhiteTeam "Buenos Aires Krakens"]
[BlackTeam "Webster Windmills"]
[WhiteFideId "112275"]
[BlackFideId "5018137"]
[EventDate "2018.01.18"]

1. Nf3 Nf6 2. c4 e6 3. g3 d5 4. Bg2 dxc4 5. Qa4+ Bd7 6. Qxc4 c5 7. Ne5 Qc8 8.
Qd3 Nc6 9. Nxd7 Nxd7 10. Qb3 Be7 11. Nc3 O-O 12. O-O Nb6 13. d3 Nd4 14. Qd1 Rd8
15. Bf4 Qd7 16. Rc1 Rac8 17. b3 h6 18. Be5 Nc6 19. Bf4 Nd4 20. Be3 Bg5 21. Bxg5
hxg5 22. Ne4 Qe7 23. e3 Nf5 24. Qh5 f6 25. Rfd1 Nd7 26. h4 gxh4 27. g4 Nh6 28.
g5 fxg5 29. Nxg5 Nf6 30. Qxh4 Nf5 31. Qh3 b6 32. Be4 Rd6 33. Bxf5 exf5 34. Qxf5
Rcd8 35. d4 Rd5 36. Qe6+ Kf8 37. Qxe7+ Kxe7 38. Nf3 Ne4 39. Ne5 R8d6 40. f3 Ng5
41. Kf2 cxd4 42. Nc6+ Kf6 43. Rxd4 Ne6 44. Rxd5 Rxd5 45. Ke2 a5 46. e4 Rh5 47.
Ke3 Rh2 48. a4 Rb2 49. Rc3 g5 50. Kd3 Nc5+ 51. Kc4 g4 52. e5+ Kf5 53. fxg4+ Kxg4
54. Nd4 Rb1 55. e6 Re1 56. Kd5 Kg5 57. Rf3 Kg6 58. Rf8 Kg7 59. Rb8 Kf6 60. Rxb6
Nd3 61. Kc4 Nb4 62. Rb7 Re4 63. Rf7+ Kg6 64. Rf2 Kg7 65. Re2 Rxe2 66. Nxe2 Kf6
67. Nd4 Na2 68. Kb5 Nc1 69. Kxa5 Nxb3+ 70. Nxb3 Kxe6 71. Kb6 Kd7 72. Kb7 1-0

[Event "PRO League Group Stage"]
[Site "chess.com INT"]
[Date "2018.01.31"]
[Round "3"]
[White "Erenburg, Sergey"]
[Black "Van Foreest, Jorden"]
[Result "0-1"]
[WhiteTitle "GM"]
[BlackTitle "GM"]
[WhiteElo "2564"]
[BlackElo "2629"]
[WhiteTeam "Montclair Sopranos"]
[BlackTeam "Montreal Chessbrahs"]
[WhiteFideId "2805642"]
[BlackFideId "1039784"]
[EventDate "2018.01.18"]

1. e4 e5 2. Nf3 Nc6 3. Bc4 Bc5 4. c3 Nf6 5. d3 d6 6. h3 a6 7. Bb3 Ba7 8. Nbd2 h6
9. Nf1 d5 10. Qe2 Be6 11. Ng3 O-O 12. O-O Re8 13. Re1 Qe7 14. Nh4 Rad8 15. Nhf5
Qf8 16. Qf3 dxe4 17. Nxh6+ gxh6 18. Qxf6 Bxb3 19. Bxh6 Re6 20. Qg5+ Rg6 21.
Qxg6+ fxg6 22. Bxf8 Rxf8 23. Nxe4 Bc2 24. Kh2 Bxd3 25. f3 Bxe4 26. Rxe4 Rd8 27.
Rae1 Bc5 28. g3 Kg7 29. Kg2 Kf6 30. h4 Rd3 31. R1e2 Bd6 32. R4e3 Rd1 33. Re1 Rd5
34. Kf1 Ne7 35. g4 Rd2 36. R3e2 Rd3 37. Re3 Rd2 38. R3e2 Rd5 39. Re4 Ra5 40. a3
Nd5 41. c4 Nf4 42. R1e3 Ra4 43. g5+ Kf7 44. c5 Bxc5 45. Rc3 Rxe4 46. fxe4 Ne6
47. Ke2 Bd4 48. Rc2 c5 49. a4 Nf4+ 50. Kf3 Nd3 51. Kg4 Nxb2 52. h5 gxh5+ 53.
Kxh5 Nd3 54. Kh6 Nf4 55. Kh7 b5 56. axb5 axb5 57. Rc1 b4 58. Rf1 Ke6 59. Rb1 Kd6
60. Kg8 Kc6 61. Kf7 Kb5 62. Rf1 b3 63. Kf6 b2 64. Kf5 c4 0-1

[Event "PRO League Group Stage"]
[Site "chess.com INT"]
[Date "2018.01.31"]
[Round "3"]
[White "Erenburg, Sergey"]
[Black "Hambleton, Aman"]
[Result "1-0"]
[WhiteTitle "GM"]
[BlackTitle "IM"]
[WhiteElo "2564"]
[BlackElo "2501"]
[WhiteTeam "Montclair Sopranos"]
[BlackTeam "Montreal Chessbrahs"]
[WhiteFideId "2805642"]
[BlackFideId "2606577"]
[EventDate "2018.01.18"]

1. e4 e6 2. d4 d5 3. Nd2 c5 4. Ngf3 cxd4 5. Nxd4 Nf6 6. exd5 Qxd5 7. Nb5 Na6 8.
c4 Qd8 9. Be2 Nc7 10. Nc3 Be7 11. O-O O-O 12. Nf3 b6 13. Bf4 Bb7 14. Qxd8 Bxd8
15. Rfd1 Rc8 16. Nd4 a6 17. Rd2 Re8 18. Bf3 Bxf3 19. Nxf3 Be7 20. Bd6 Bxd6 21.
Rxd6 b5 22. cxb5 axb5 23. Rb6 Rb8 24. Rc6 Ncd5 25. Rc1 Nxc3 26. R6xc3 Nd5 27.
Rb3 b4 28. Ne5 Rec8 29. Rxc8+ Rxc8 30. Nd3 g5 31. g3 Rc4 32. a3 bxa3 33. Rxa3
Kg7 34. b4 Nc7 35. Ra5 Kf6 36. Kf1 Rc3 37. Ke2 Nd5 38. Kd2 Rb3 39. Kc2 Rc3+ 40.
Kd2 Rb3 41. Rb5 h5 42. Rb8 h4 43. gxh4 gxh4 44. b5 h3 45. Nc5 Rb2+ 46. Kc1 Rxf2
47. Ne4+ 1-0

[Event "PRO League Group Stage"]
[Site "chess.com INT"]
[Date "2018.01.31"]
[Round "3"]
[White "Shimanov, Aleksandr"]
[Black "Villanueva, Mario"]
[Result "1-0"]
[WhiteTitle "GM"]
[BlackTitle "IM"]
[WhiteElo "2641"]
[BlackElo "2466"]
[WhiteTeam "Webster Windmills"]
[BlackTeam "Buenos Aires Krakens"]
[WhiteFideId "4198603"]
[BlackFideId "113433"]
[EventDate "2018.01.18"]

1. Nf3 Nf6 2. c4 g6 3. Nc3 Bg7 4. e4 d6 5. d4 O-O 6. Be2 e5 7. O-O exd4 8. Nxd4
Re8 9. f3 Nc6 10. Nc2 Nh5 11. f4 Bxc3 12. Bxh5 gxh5 13. bxc3 Rxe4 14. f5 Qh4 15.
Ne3 Re5 16. g3 Qh3 17. Rf4 Rxe3 18. Bxe3 Bd7 19. Bd4 Re8 20. Qd2 Ne5 21. Raf1
Ng4 22. R4f2 f6 23. Re2 h4 24. Rxe8+ Bxe8 25. Qg2 Qxg2+ 26. Kxg2 hxg3 27. Kxg3
h5 28. Bxa7 Bf7 29. Bb8 Bxc4 30. Rb1 b5 31. Kf4 Nxh2 32. Bxc7 d5 33. Rh1 Nf1 34.
Rxh5 Nd2 35. a3 Ne4 36. Ba5 Kg7 37. Rh2 Nc5 38. Bb4 Nd3+ 39. Ke3 Ne5 40. Rg2+
Kf7 41. Rg1 Bd3 42. Kf4 Be4 43. Rf1 Nc4 44. Rf2 Ne5 45. Rf1 Nc4 46. Bc5 Ne5 47.
Bd4 Nd3+ 48. Ke3 Nb2 49. Rf2 Nc4+ 50. Kf4 Nd6 51. Rh2 Nxf5 52. Rh7+ Ke6 53. Rb7
Nxd4 54. cxd4 Bd3 55. Rb6+ Kf7 56. Rd6 Bc4 57. Kf5 Bd3+ 58. Kf4 Bc4 59. Rb6 Kg6
60. Rc6 Bd3 61. Rc8 Bc4 62. Rc5 Kf7 63. Kf5 Bd3+ 64. Kf4 Bc4 65. Rc6 Kg6 66. Rc7
Bd3 67. Rc3 Bc4 68. Rg3+ Kf7 69. Kf5 Ba2 70. Rg1 Bc4 71. Rd1 Ke7 72. Re1+ Kf7
73. Rd1 Bb3 74. Rd2 Bc4 75. Kf4 Ke6 76. Rd1 Bb3 77. Re1+ Kf7 78. Re3 Ba2 79. Rh3
Kg6 80. Rh8 Bc4 81. Rb8 Kf7 82. Ke3 Kg6 83. Rg8+ Kf7 84. Rg2 Ke6 85. Rf2 Kf7 86.
Rd2 Ke6 87. Kf4 Kf7 88. Kf5 Bb3 89. Rh2 Kg7 90. Rg2+ Kf7 91. Rf2 Bc4 92. Rf3 Ke7
93. Rh3 1-0